Datum a čas kvízu

39 Celkem bodů Celkový počet nahraných bodů na tomto kvízu bez doplňovacích otázek.
1. Pořadí na kvízu Konečné umístění týmu na tomto kvízu.

Zaznamenané odpovědi

# Otázka Odpověď Body Výsledky
1. Jistý zlomyslný muž odstranil... v Brně 0
2. Jihokorejská vláda nasadila na... na hledání štěnic 1
3. Jeden z nejkrásnějších, ale té... Jennifer Lopez, Ben Affleck 1
4. Ve čtvrtek byla zahájena naše... České Budějovice, 50. ročník 0.5
5. Při fotbalovém zápase peruánsk... močil (u rohového praporku) 0
6. Historie Texasu je těsně spoje... San Antonio 0
7. Hranici mezi Texasem a Mexikem... Colorado 1
8. Jedním z důvodů navštívit Hous... Saturn V 0.5
9. Jak se jmenoval americký polit... Stephen F. Austin 1
10. Mezi několik známých osobností... Eva Longoria, Zoufalé manželky 1